000 00865nam a22002177a 4500
003 0
005 20250109092443.0
008 250108b xxu||||| |||| 00| 0 eng d
050 _aRC 560
_b.U9 2024
100 _aUy, Airand J.
245 _aCompulsive sexual behavior and self-blame as correlates to symptoms of Alexithymia of sexual abuse victims
_cAinrand J. Uy
260 _aLas Piñas City
_bSouthville International School and Colleges
_c2024
300 _ax, 429 pages ;
_c29cm.
504 _aIncludes bibliographical references and index.
650 _aSexual abuse victims—Psychology.
650 _aCompulsive sexual behavior—Psychological aspects.
650 _aSelf-blame—Psychological aspects.
650 _aAlexithymia—Psychological aspects.
650 _aPost-traumatic stress disorder—Psychological aspects.
942 _2lcc
_cTH
999 _c366939
_d366939